000 00724nam a2200277Ia 4500
001 Para_9762
003 CHAP
008 220125s2003 xx 000 0 und d
010 _a198598
020 _a978-607-7835-07-3
040 _cCHAP
082 _aPA 613.25 S43
100 _aSears, Barry
_9163859
245 _aUna semana en la zona /
_c Barry Sears
260 _aMéxico :
_b Urano
300 _a168 p.
500 _aTitulo original: A week in the zone
650 _aDietas de reducción
_x Nutrición
_9163860
901 _aPA 613.25 S43
902 _aM
905 _a5232202003 7000000000 06
910 _a2003
942 _cPARA
942 _cPARA
_d1
999 _c198598
_d198598